000 00278nam a2200121Ia 4500
008 190216s9999||||xx |||||||||||||| ||und||
100 _aSimon P L
245 0 _aElectricity And Magnetism
260 _bDominant Pub:New Delhi
300 _a453
650 _aPhysics
942 _cBK
999 _c33935
_d33935